000 00822nam a2200217Ii 4500
003 JO-AjNU
008 230605s9999||||xx |||||||||||||| ||und||
017 _a2007/2370
020 _a977-422-033-1
040 _aJO-AjNU
_bara
_erda
_cJO-AjNU
041 _aara
050 1 4 _aHG230.H3564 2007
100 3 _aعبدالعظيم، حمدي,
_eauthor
_932693
245 0 0 _aالسياسات المالية والنقدية : دراسة مقارنة بين الفكر الوضعي والفكر الاسلامي
264 3 1 _aالاسكندرية: الدار الجامعية، 2007
300 _a453ص
_bيحتوي على ببلوغرافية من 439-453ص
336 _atext
_btxt
_2rdacontent
337 _aunmediated
_bn
_2rdamedia
338 _avolume
_bnc
_2rdacarrier
650 4 _aالسياسة النقدية
_932694
999 _aA13229
_c16797
_d16797